Vyvažovanie viacpredmetných liniek. /

Gespeichert in:
Bibliographische Detailangaben
1. Verfasser: Cibulka, Viliam, 1948- (Verfasst von)
Format: Manuskript Buch
Veröffentlicht: Bratislava : SVŠT v Bratislave SjF, 1982
Tags: Tag hinzufügen
Keine Tags, Fügen Sie das erste Tag hinzu!

MARC

LEADER 00000ntm a22000003a 4500
001 stu47784
005 20150617225711.4
008 ------s1982----cs----------------------d
040 |a STU  |b slo 
041 0
044 |a cs 
080 |a 621.757.084.4  |7 A000002082 
100 1 |a Cibulka, Viliam,  |d 1948-  |4 aut  |u M190  |U MTF Materiálovotechnologická fakulta  |T MTF Katedra priemyselného inžinierstva a manažmentu  |X 37983  |U M190  |Y 167  |7 A000037983 
245 1 |a Vyvažovanie viacpredmetných liniek. /  |c [aut.] Cibulka,Viliam 
260 |a Bratislava :  |b SVŠT v Bratislave SjF,  |c 1982 
300 |a 157 s 
996 |b J67908  |c J*67908-67909/DIZ.  |l JJSK  |s A  |a 24  |w stu47784_0001 
996 |b J67909  |c J*67908-67909/DIZ.  |l JJSK  |s A  |a 24  |w stu47784_0002